| Tag |
First Indicator |
Second Indicator |
Subfields |
| LEADER |
00000cam a2200000 4500 |
| 001 |
in00000304813 |
| 005 |
20151010100213.0 |
| 008 |
730516c19731970nyua b 00000beng |
| 010 |
|
|
|a 72088652
|
| 020 |
|
|
|a 0841502277
|c $8.95
|
| 035 |
|
|
|a (OCoLC)00636407
|
| 035 |
|
|
|9 ABH1342AM
|
| 040 |
|
|
|a DLC
|c DLC
|d TXA
|d UtOrBLW
|
| 041 |
0 |
|
|a eng
|a fre
|
| 049 |
|
|
|a TXAM
|c [1334665]
|
| 050 |
0 |
0 |
|a DC103
|b .G86713 1973
|
| 082 |
0 |
|
|a 944/.026/0924
|a B
|
| 100 |
1 |
|
|a Guillemin, Henri,
|d 1903-1992.
|
| 245 |
1 |
0 |
|a Joan, Maid of Orleans /
|c Translated by Harold J. Salemson.
|
| 250 |
|
|
|a [1st American ed.].
|
| 264 |
|
1 |
|a New York :
|b Saturday Review Press,
|c [1973]
|
| 264 |
|
4 |
|c [©1970]
|
| 300 |
|
|
|a 280 pages :
|b illustrations ;
|c 22 cm.
|
| 336 |
|
|
|a text
|b txt
|2 rdacontent
|
| 337 |
|
|
|a unmediated
|b n
|2 rdamedia
|
| 338 |
|
|
|a volume
|b nc
|2 rdacarrier
|
| 500 |
|
|
|a Translation of Jeanne dite Jeanne d'Arc.
|
| 504 |
|
|
|a Includes bibliographical references.
|
| 600 |
0 |
0 |
|a Joan,
|c of Arc, Saint,
|d 1412-1431.
|
| 999 |
|
|
|a MARS
|
| 999 |
f |
f |
|s 3409c8e2-1e0a-3ef0-ace4-e0778f591681
|i 66d3955f-640f-3406-bb33-c93a366640a2
|t 0
|
| 952 |
f |
f |
|p ric
|a Texas A&M University
|b Rellis Campus
|c Joint Library Facility
|d Remote Storage
|t 0
|e DC103 .G86713 1973
|h Library of Congress classification
|i unmediated -- volume
|m A14801956633
|
| 998 |
f |
f |
|a DC103 .G86713 1973
|t 0
|l Remote Storage
|